000 02183nam0a2200373 4500
001 RU\NLR\BIBL_A\012432468
005 20210201131809.0
010 _a978-5-317-06432-7
_9100
021 _aRU
_bКН-П-20-052345
_9КН-П-20-3919
035 _a(NLR Aleph) 012432468
035 _a(RuMoRGB)010415693
090 _a11883687
_c11883687
100 _a20210115d2019 u y0rusy50 ca
101 0 _arus
102 _aRU
105 _ay|||z|||000zy
181 0 _ai
_baxxe
182 0 _an
200 1 _aСостояние здоровья и особенности адаптации сердечно-сосудистой системы у новорожденных, родившихся у матерей с пороками сердца
_eинформационно-методическое письмо
_fМинистерство здравоохранения Московской области, Государственное бюджетное учреждение здравоохранения Московской области "Московский областной научно-исследовательский институт акушерства и гинекологии" (ГБУЗ МО МОНИИАГ)
_g[Л.С. Логутова, д.м.н., проф. и др.]
203 _aТекст
_bвизуальный
_cнепосредственный
210 _aМосква
_cМАКС Пресс
_d2019
215 _a20 с.
_cтабл.
_d21
320 _aБиблиогр.: с. 18-20 (31 назв.)
606 1 _aНоворождённые дети
_jМетодические пособия
_xВлияние врождённых пороков сердца матери
_92465258
_3RU\NLR\AUTH\6601681864
686 1 _aР733.2-1я8
686 1 _aР716.216.410.105.01я8
702 1 _aЛогутова
_bЛ. С.
_gЛидия Сергеевна
_4220
712 0 2 _4570
_aМосковский областной НИИ акушерства и гинекологии
_9373325
_3RU\NLR\AUTH\889939224
942 _cBOOK
980 _aNBR
980 _aNB